Online katalóg knižníc regiónu Turca

Snehuliačik šepol mame (Record no. 21501)

MARC details
000 -LEADER
fixed length control field 02023cam a2200481 a 4500
001 - CONTROL NUMBER
control field 21501
003 - CONTROL NUMBER IDENTIFIER
control field VRT
005 - DATE AND TIME OF LATEST TRANSACTION
control field 20260302151211.0
008 - FIXED-LENGTH DATA ELEMENTS--GENERAL INFORMATION
fixed length control field 240318s2014 xo a b 000 p slo
015 ## - NATIONAL BIBLIOGRAPHY NUMBER
National bibliography number SNBA2015/01
020 ## - INTERNATIONAL STANDARD BOOK NUMBER
International Standard Book Number 9788081151880
Qualifying information (viaz.)
035 ## - SYSTEM CONTROL NUMBER
System control number 688FB815-76CF-473B-AA45-95E0ACAB2489
035 ## - SYSTEM CONTROL NUMBER
System control number urn:nbn:sk:snk-amjp3l
035 ## - SYSTEM CONTROL NUMBER
System control number urn:nbn:sk:snk-am002cot
039 #9 - LEVEL OF BIBLIOGRAPHIC CONTROL AND CODING DETAIL [OBSOLETE]
Level of rules in bibliographic description 202403181346
Level of effort used to assign nonsubject heading access points VLOAD
Level of effort used to assign subject headings 202011200818
Level of effort used to assign classification AUTHORITY
Level of effort used to assign subject headings 202011200803
Level of effort used to assign classification AUTHORITY
Level of effort used to assign subject headings 201604291520
Level of effort used to assign classification VLOAD
040 ## - CATALOGING SOURCE
Original cataloging agency PPPK
Language of cataloging slo
Transcribing agency PPPK
Modifying agency SNK
Description conventions AACR2
041 0# - LANGUAGE CODE
Language code of text/sound track or separate title slo
044 ## - COUNTRY OF PUBLISHING/PRODUCING ENTITY CODE
MARC country code xo
ISO country code SK
072 #7 - SUBJECT CATEGORY CODE
Subject category code 821.162.4-1
Subject category code subdivision Slovenská poézia
Source konspekt
072 #7 - SUBJECT CATEGORY CODE
Subject category code 821-93
Subject category code subdivision Literatúra pre deti a mládež (beletria)
Source konspekt
080 ## - UNIVERSAL DECIMAL CLASSIFICATION NUMBER
Universal Decimal Classification number 821.162.4-1
Edition identifier 2001
080 ## - UNIVERSAL DECIMAL CLASSIFICATION NUMBER
Universal Decimal Classification number 821-93
Edition identifier 2001
100 1# - MAIN ENTRY--PERSONAL NAME
Personal name Rojček, František,
Dates associated with a name 1949-
Relationship aut
245 10 - TITLE STATEMENT
Title Snehuliačik šepol mame
Statement of responsibility, etc. František Rojček ; [ilustrovala: Katarína Ilkovičová ; zostavil a doslov napísal Ondrej Sliacký]
260 ## - PUBLICATION, DISTRIBUTION, ETC.
Place of publication, distribution, etc. Martin
Name of publisher, distributor, etc. Vydavateľstvo Matice slovenskej
Date of publication, distribution, etc. 2014
300 ## - PHYSICAL DESCRIPTION
Extent 75 s.
Other physical details fareb. ilustr.
Dimensions 28 cm
655 #7 - INDEX TERM--GENRE/FORM
Genre/form data or focus term slovenská poézia
Source of term SNKPH
655 #7 - INDEX TERM--GENRE/FORM
Genre/form data or focus term publikácie pre deti
Source of term SNKPH
655 #7 - INDEX TERM--GENRE/FORM
Genre/form data or focus term Slovak poetry
Source of term SNKPHeng
655 #7 - INDEX TERM--GENRE/FORM
Genre/form data or focus term Children's literature
Source of term SNKPHeng
700 1# - ADDED ENTRY--PERSONAL NAME
Personal name Ilkovičová, Katarína,
Dates associated with a name 1982-
Relationship ill
700 1# - ADDED ENTRY--PERSONAL NAME
Personal name Sliacky, Ondrej,
Dates associated with a name 1941-
Relationship com
711 2# - ADDED ENTRY--MEETING NAME
Meeting name or jurisdiction name as entry element Najkrajšie a najlepšie detské knihy jari, leta, jesene a zimy na Slovensku
Number of part/section/meeting (25 :
Date of meeting or treaty signing 2014 :
Location of meeting Bratislava, Slovensko).
Subordinate unit Najkrajšia detská kniha jesene 2014
942 ## - ADDED ENTRY ELEMENTS (KOHA)
Source of classification or shelving scheme Dewey Decimal Classification
Koha item type Krásna literatúra pre deti
Suppress in OPAC No
949 ## - LOCAL PROCESSING INFORMATION (OCLC)
6 17A1133260
a snkSB 87601
b snk2014/27918
o 2695/14
s 6100:20140925
949 ## - LOCAL PROCESSING INFORMATION (OCLC)
6 17A1133259
a snkSB 87601 D1
b snk2014/27920
o 2695/14
949 ## - LOCAL PROCESSING INFORMATION (OCLC)
6 270001000479128
a svkbbC 59812
b svkbbm 750135
949 ## - LOCAL PROCESSING INFORMATION (OCLC)
6 2889217959
a savukPV 19987
b savuk2014/4555
949 ## - LOCAL PROCESSING INFORMATION (OCLC)
6 3870A23520
a binNDK 2014/13
b bin23520
949 ## - LOCAL PROCESSING INFORMATION (OCLC)
6 3870A23579
a binIL 1218
b bin23579
949 ## - LOCAL PROCESSING INFORMATION (OCLC)
6 273K0594263
a svkpoC 56002
b svkpo591787
Holdings
Stav vyradenia Strata Poškodenie Spôsob nadobudnutia Domovská knižnica Aktuálna knižnica Dátum nadobudnutia Total checkouts Čiarový kód exemplára Date last seen Typ exemplára
      Dar Mestská knižnica Turany Mestská knižnica Turany 02.03.2026   4712401312 02.03.2026 Krásna literatúra pre deti
Projekt je podporený Slovenskou asociáciou knižníc
Prevádzkuje Turčianska knižnica Martin 2026